| 000 | 01309cam a2200349 a 4500 | ||
|---|---|---|---|
| 001 | 16266508 | ||
| 005 | 20221101112328.0 | ||
| 008 | 100604s2010 enka b 001 0 eng | ||
| 010 | _a 2010023133 | ||
| 015 |
_aGBB060530 _2bnb |
||
| 016 | 7 |
_a015550923 _2Uk |
|
| 020 | _a9780754649540 (hardback : alk. paper) | ||
| 020 | _a0754649547 (hardback : alk. paper) | ||
| 020 | _a9780754690641 (ebook) | ||
| 020 | _a0754690644 (ebook) | ||
| 035 | _a(OCoLC)ocn639941072 | ||
| 040 |
_aDLC _cDLC _dYDX _dERASA _dYDXCP _dUKM _dCDX _dDLC |
||
| 043 | _aa-ja--- | ||
| 050 | 0 | 0 |
_aN4395 _b.M67 2010 |
| 082 | 0 | 0 |
_a708.952 _bMOR |
| 100 | 1 |
_aMorishita, Masaaki, _d1966- _9102177 |
|
| 245 | 1 | 4 |
_aThe empty museum : _bWestern cultures and the artistic field in modern Japan / _cMasaaki Morishita. |
| 260 |
_aLondon : _bRoutledge, _cc2016. |
||
| 300 |
_ax, 149 p. : _bill. ; _c24 cm. |
||
| 504 | _aIncludes bibliographical references and index. | ||
| 650 | 0 |
_aArt _xExhibition techniques _xSocial aspects. _9102178 |
|
| 650 | 0 |
_aArt museums _zJapan. _9102179 |
|
| 650 | 0 |
_aArt and society _zJapan. _9102180 |
|
| 906 |
_a7 _bcbc _corignew _d1 _eecip _f20 _gy-gencatlg |
||
| 942 |
_2ddc _cBK |
||
| 999 |
_c592203 _d592203 |
||